Friends Trivia Quiz Stats

Quiz not verified by Sporcle

Challenge
Share
Tweet
Embed
Score 0/20 Timer 10:00
0 Plays Today
Question Answer % Correct
What actress played Rachel's sister?Reese Witherspoon
91.5%
What name does Phoebe pick for the third triplet?Chandler
90.1%
What song of Phoebe's was made into a music video?Smelly Cat
88.7%
What is Joey and Chandler's favorite basketball team?Knicks
85.9%
What type of accent did Ross use when he first started teaching?British
85.9%
What animal does Ross dress up as to teach his son about Hanukkah?Armadillo
81.7%
Where does Rachel buy all of Phoebe's and her new furniture from?Pottery Barn
81.7%
Where were Ross, Susan, and Phoebe stuck before Carol gave birth?Janitor Closet
77.5%
What martial arts technique does Ross claim that people need to be able to defend themselves?Unagi
74.6%
What video game did Phoebe buy Monica and Chandler for their wedding?Ms. Pac-Man
73.2%
Question Answer % Correct
What was Central Perk before it was a coffee house?A bar
71.8%
What country was Ross' honeymoon supposed to be in?Greece
70.4%
What type of dessert did Rachel mess up at Thanksgiving?Trifle
63.4%
What airport was Rachel's flight to Paris out of?Newark
59.2%
What caused Phoebe to drop the lottery tickets?Pidgeon
59.2%
What was the name of the woman that Rachel mistook for Chandler's dad at Monica and Chandler's wedding?Amanda
42.3%
What did Chandler want the sign above his and Monica's bedroom to read?Merge
40.8%
Where was Rachel's honeymoon with Barry supposed to be at?Aruba
39.4%
What did Joey use to cover the fact that he was circumcized?Silly Putty
31%
What disease did Barry's parents tell people Rachel had?Syphilis
16.9%

You're not logged in!

Compare scores with friends on all Sporcle quizzes.
Join for Free
OR
Log In

You Might Also Like...

Show Comments

Extras

Top Quizzes Today


Score Distribution

Your Account Isn't Verified!

In order to create a playlist on Sporcle, you need to verify the email address you used during registration. Go to your Sporcle Settings to finish the process.

Report this User

Report this user for behavior that violates our Community Guidelines.

Details: